La revolución española vista por una republicana / (Record no. 184021)

MARC details
000 -LEADER
campo de control de longitud fija 01095nam a2200277 i 4500
001 - NÚMERO DE CONTROL
campo de control 184021
003 - IDENTIFICADOR DE NÚMERO DE CONTROL
campo de control ES-MaACL
005 - FECHA Y HORA DE LA ÚLTIMA TRANSACCIÓN
campo de control 20250804105439.0
008 - DATOS DE LONGITUD FIJA--INFORMACIÓN GENERAL
campo de control de longitud fija 150223s2011 sp a | |||||||| | spa d
020 ## - NÚMERO INTERNACIONAL ESTÁNDAR DEL LIBRO
Número Internacional Estándar del Libro 978-84-15177-14-2
080 ## - NÚMERO DE LA CLASIFICACIÓN DECIMAL UNIVERSAL
Número de la Clasificación Decimal Universal 94(460)"1936/39"
100 1# - ENTRADA PRINCIPAL--NOMBRE DE PERSONA
Nombre de persona Campoamor, Clara,
Fechas asociadas al nombre 1888-1972
9 (RLIN) 34230
245 13 - MENCIÓN DEL TÍTULO
Título La revolución española vista por una republicana /
Mención de responsabilidad, etc. Clara Campoamor ; edición y traducción de Luis Español Bouché.
250 ## - MENCION DE EDICION
Mención de edición 4ª ed. amp. y rev.
260 ## - PUBLICACIÓN, DISTRIBUCIÓN, ETC.
Lugar de publicación, distribución, etc. Sevilla :
Nombre del editor, distribuidor, etc. Espuela de Plata,
Fecha de publicación, distribución, etc. 2011.
300 ## - DESCRIPCIÓN FÍSICA
Extensión 267 p. :
Otras características físicas il. ;
Dimensiones 21 cm.
490 1# - MENCIÓN DE SERIE
Mención de serie España en armas ;
Designación de volumen o secuencia 2
504 ## - NOTA DE BIBLIOGRAFÍA, ETC.
Nota de bibliografía, etc. Bibliografía: p. 253-255.
651 #4 - PUNTO DE ACCESO ADICIONAL DE MATERIA--NOMBRE GEOGRÁFICO
Nombre geográfico España-
Subdivisión general Historia-
Subdivisión cronológica 1936-1939, Guerra civil.
9 (RLIN) 8292
700 1# - ENTRADA AGREGADA--NOMBRE PERSONAL
Nombre de persona Español Bouché, Luis,
Fechas asociadas al nombre 1964-
9 (RLIN) 47768
830 0# - PUNTO DE ACCESO ADICIONAL DE SERIE-TÍTULO UNIFORME
Título uniforme España en armas ;
Designación de volumen o secuencia 2
9 (RLIN) 185370
852 4# - LOCALIZACIÓN
Ubicación ES-MaACL
Número de control de estantería A-13396
itemnumber 190987
Sublocalización o colección R.150168
Ubicación en estantería Depósito 1
Signatura antigua Olim: N-6396
Anotaciones manuscritas Dedicatoria autógrafa de editor
Donativo/Legado Donación: Luis Español Bouché
903 ## - NOMBRE PERSONAL DE DONANTE
a Español Bouché, Luis,
d 1964-
e Donante
9 47768
942 ## - ELEMENTOS DE ENTRADA SECUNDARIOS (KOHA)
Fuente del sistema de clasificación o colocación Clasificación decimal universal
Tipo de ítem Koha Libro impreso
Holdings
Estatus retirado Estado de pérdida Fuente del sistema de clasificación o colocación Estado de daño No para préstamo Colección Biblioteca de origen Biblioteca actual Ubicación en estantería Fecha de adquisición Fuente de adquisición Total de préstamos Signatura topográfica completa Código de barras Visto por última vez Precio de reemplazo Tipo de ítem Koha Nota pública
    Clasificación decimal universal     Libros con dedicatorias Biblioteca del Ateneo de Madrid Biblioteca del Ateneo de Madrid Depósito 1 23/02/2015 Donación   A-13396 1193508 23/02/2023 23/02/2023 Libro impreso Dedicatoria autógrafa del editor